000 00338nam a22001217a 4500
008 211126b ||||| |||| 00| 0 eng d
020 _a9789386446176
050 _a332.042
_b1
245 _aFinancing International Trade,Banking Theories and Applications
260 _aNew Delhi
_bSAGE Publications
_c2017
300 _a1
942 _2ddc
_cBK
999 _c11917
_d11917